Представление документа в формате MARC21

Поле Инд. ПП Название Значение
Тип записи a
Библиографический уровень i
001 Контрольный номер UNIDUBNAdb30cc7861a24c8f8ed3ecc6eab60485
005 Дата корректировки 20260420200723.2
041 0_ a Код языка текста eng
090 a Полочн. индекс Внешний ресурс
245 10 a Заглавие re3data.org
b Продолж. заглавия Registry of Research Data Repositories
c Ответственность Karlsruher Institute of Technology
257 a Страна производителя архивных фильмов зарубежный
260 a Место издания Karlsruhe, Germany
c Дата издания 2012 -
336 a Термин вида содержания Электронные данные
353 a репозитории
353 a наборы данных
353 a изображения
353 a программные средства
380 a информационно-поисковая система
500 a Примечание https://doi.org/10.17616/R3D
520 0_ a Аннотация Общедоступный реестр хранилищ исследовательских данных, глобальный по охвату и универсальный по тематике. Поможет подобрать репозитории для размещения наборов данных исследований: экспериментальных и имитационных данных, изображений, физических образцов, данных лабораторных и клинических испытаний, исходного кода программного обеспечения, геномных, геопространственных данных и др. С его помощью также можно искать наборы данных по разным дисциплинам, странам, типам данных и целому ряду параметров хранилищ. Описание каждого репозитория содержит ссылку для перехода на его сайт и метаданные
540 a Правовые условия Бесплатный доступ
b Поставщик/Провайдер Karlsruher Institute of Technology
650 04 a Основная рубрика биология
a Основная рубрика информатика
a Основная рубрика информационные технологии
a Основная рубрика исторические науки
a Основная рубрика культурология
a Основная рубрика математика
a Основная рубрика медицина
a Основная рубрика науки о Земле
a Основная рубрика образование
a Основная рубрика право
a Основная рубрика психология
a Основная рубрика сельское хозяйство
a Основная рубрика социальные науки (общественные науки)
a Основная рубрика техника
a Основная рубрика физика
a Основная рубрика химия
a Основная рубрика экономика
a Основная рубрика языкознание
653 0_ a Ключевые слова данные
a Ключевые слова каталог репозиториев
a Ключевые слова хранилища данных
856 40 a Имя сервера/домена re3data.org
u URL https://www.re3data.org/
856 40 a Имя сервера/домена re3data.org. Browsing by subject
u URL https://www.re3data.org/browse/by-subject/
856 40 a Имя сервера/домена re3data.org. Search
u URL https://www.re3data.org/search
900 a Имя электронного ресурса obl_re3data_org
901 t Тип документа 0